| 000 | 00000nam##2200000za#4500 |
| 001 | 9.672229 |
| 003 | CaOODSP |
| 005 | 20210615130732 |
| 007 | ta |
| 008 | 150407|2010||||xxc||||| f|0| 0 iku|d |
| 020 | |a978-0-662-03367-7 |
| 040 | |aCaOODSP|beng |
| 041 | 7|aiku |
| 043 | |an-cn--- |
| 086 | 1 |aR64-105/81-2010S |
| 110 | 2 |aParks Canada. |
| 245 | 10|aTorngat Mountains National Park of Canada - management plan 2010 |
| 260 | |bParks Canada |c2010. |
| 300 | |axii, 60, [1]p. : |bcoloured maps, references, tables, photographs ; |c28 cm. |
| 500 | |aAt head of title: Tongait KakKasuangita SilakK ijapvinga |
| 546 | |aText in Inuktitut. |
| 590 | |a10-37|b2010-09-17 |
| 690 | 07|aManagement|2gcpds |
| 690 | 07|aNational parks|2gcpds |
| 775 | 08|tTongait KakKasuangita SilakKijapvinga, Torngat Mountains National Park of Canada - management plan 2010 |w(CaOODSP)9.651688 |
| 775 | 08|tTongait KakKasuangita SilakKijapvinga, Parc national du Canada Monts-Torngat - plan directeur 2010 |w(CaOODSP)9.684699 |
| 776 | 0#|tTongait KakKasuangita SilakKijapvinga, Parc national du Canada Monts-Torngat - plan directeur 2010 |w(CaOODSP)9.675054 |
| 792 | |tParc national du Canada des Monts-Torngat - plan directeur 2010 |efre|w(CaOODSP)9.672230 |